All Official Names of Afghanistan - Statistics

General Stats
  • This quiz has been taken 16 times
  • The average score is 9 of 12
Answer Stats
Years Name of Afghanistan % Correct
1973-1978 Republic of Afghanistan
100%
1987-1992 Republic of Afghanistan
100%
1823-1926 Emirate of Afghanistan
93%
2004-2021 Islamic Republic of Afghanistan
93%
1926-1973 Kingdom of Afghanistan
93%
1996-2001 Islamic Emirate of Afghanistan
79%
2021- Islamic Emirate of Afghanistan
79%
1978-1987 Democratic Republic of Afghanistan
64%
1992-1996 Islamic State of Afghanistan
57%
2001-2002 Islamic State of Afghanistan
57%
1747-1823 Durrani Empire
50%
2002-2004 Transitional Islamic State of Afghanistan
29%
No matching quizzes found
Score Distribution
Percent of People with Each Score
Percentile by Number Answered
Your Score History
You have not taken this quiz